Wriston speaking ; a selection of addresses.

Bibliographic Details
Main Author: Wriston, Henry M. (Henry Merritt), 1889-1978
Format: Book
Language:English
Published: Providence : Brown University Press, 1957.
Subjects:

MARC

Tag First Indicator Second Indicator Subfields
LEADER 00000cam a2200000 4500
001 in00000083739
005 20151008053143.0
008 760524s1957 riu 00000 eng
010 |a  57011230  
035 |a (OCoLC)02191478 
035 |9 AAH6441AM 
040 |a DLC  |c TOL  |d TXA  |d UtOrBLW 
049 |a TXAM  |c [287032] 
050 0 0 |a LD636 1937  |b .W7 
082 0 |a 378.745 
092 |a 378.745  |b B881w 
100 1 |a Wriston, Henry M.  |q (Henry Merritt),  |d 1889-1978. 
245 1 0 |a Wriston speaking ;  |b a selection of addresses. 
264 1 |a Providence :  |b Brown University Press,  |c 1957. 
300 |a 263 pages ;  |c 22 cm. 
336 |a text  |b txt  |2 rdacontent 
337 |a unmediated  |b n  |2 rdamedia 
338 |a volume  |b nc  |2 rdacarrier 
610 2 0 |a Brown University. 
999 |a MARS 
999 f f |s 2f19d0e1-eeaf-30a0-8387-ce56e7076b4f  |i 3451e579-15a2-30cb-a257-ed2ab298570a  |t 0 
952 f f |p normal  |a Texas A&M University  |b College Station  |c Sterling C. Evans Library  |d Evans: Library Stacks  |t 0  |e LD636 1937 .W7  |h Library of Congress classification  |i unmediated -- volume  |m A14800865431 
998 f f |a LD636 1937 .W7  |t 0  |l Evans: Library Stacks